Online Catalogue and eLibrary

Budun dakeema (Record no. 898)

MARC details
000 -LEADER
fixed length control field 00365nam a2200157Ia 4500
005 - DATE AND TIME OF LATEST TRANSACTION
control field 20250516023639.0
008 - FIXED-LENGTH DATA ELEMENTS--GENERAL INFORMATION
fixed length control field 240331s9999 xx 000 0 und d
020 ## - INTERNATIONAL STANDARD BOOK NUMBER
ISBN 9552005728
082 ## - DDC Classification
Class No. 294
Item Number - Author Mark MAH
100 ## - MAIN ENTRY--PERSONAL NAME
Personal name Mahalekama, S
245 #0 - TITLE STATEMENT
Title Budun dakeema
260 ## - PUBLICATION, DISTRIBUTION, ETC.
Place of publication, distribution, etc. Colombo
Name of publisher, distributor, etc. S. Godage & Brothers
Date of publication, distribution, etc. 1992
300 ## - PHYSICAL DESCRIPTION
Extent (e.g. Volumes, Pages etc.) 221 p .,
650 ## - SUBJECT ADDED ENTRY--TOPICAL TERM
Topical term or geographic name entry element Buddhism
942 ## - Koha item type (Biblio)
Koha item type Books in Stacks (Lending)
Holdings
Lost status Damaged status Collection code Home library Current library Shelving location Date acquired Full call number Accession Number Item type
    Lending WERC Library WERC Library Social Science Cupboard 03/31/2024 294 MAH 3352 Books in Stacks (Lending)

© WERC Library